000 00668nam a2200229Ia 4500
003 OSt
005 20240524150137.0
008 210716s2002 xx 000 0 und d
020 _a0595261302
040 _cAIMIT LIBRARY
041 _aeng
082 _a374.22
_21
_bPICS
100 _aPickard, Scott S.
_9167526
245 _aDue diligence list /
_cBy Scott S Pickard.
250 _a1st ed.
260 _aNew York :
_c2002.
_bWriters Club Press ,
300 _avii,175p. ;
_bPB
_c23 cm
650 _aFacilities and equipment
_9167527
650 _aInternational business
_9167528
650 _aProducts and services
_9167529
942 _2ddc
_cBK
_e1st
_k374.22 PICS
999 _c206290
_d206290